000 00418nam a2200145 a 4500
001 000006722
005 20200929154000.0
008 090902s1991 dr 001 0 spa d
040 _aDO-SdBNP
_bspa
_cBNPHU
082 _axxx
_bA561q
100 1 _aAndrés, José
_918711
245 1 0 _a1492-1992 :
_bquinientos años de idolatría /
_cJosé Andrés.
260 _aSanto Domingo, :
_bTaller,
_c1991.
300 _a62 p. ;
_c23 cm.
999 _c6511
_d6511